| 000 | 00790cam a22002291 4500 | ||
|---|---|---|---|
| 001 | rc 01003161 | ||
| 003 | DLC | ||
| 005 | 20260227111909.0 | ||
| 008 | 770601s1860 xx 000 0 eng | ||
| 010 | _arc 01003161 | ||
| 035 | _a(OCoLC)3009705 | ||
| 040 |
_aDLC _cOT _dDLC |
||
| 042 | _apremarc | ||
| 050 | 0 | 0 |
_aF59.S16 _bW3 |
| 100 | 1 |
_aWeeks, John M. _q(John Moseley), _d1788-1858. |
|
| 245 | 0 | 0 |
_aHistory of Salisbury, Vermont. _cBy John M. Weeks, with a memoir of the author. |
| 260 |
_aMiddlebury, Vt., _bA. H. Copeland, _c1860. |
||
| 300 |
_avii, [9]-362 p. _bfront., ports. _c19 cm. |
||
| 500 | _aPrepared at the request of, and dedicated to, the Middlebury historical society. | ||
| 651 | 0 |
_aSalisbury (Vt.) _xHistory. |
|
| 710 | 2 | _aMiddlebury Historical Society (Middlebury, Vt.) | |
| 999 |
_c52503 _d52503 |
||